[Event "XII Festival Ducale A"]
[Site "Genova ITA"]
[Date "2004.07.06"]
[Round "3"]
[White "Godena, Michele"]
[Black "Calzetta Ruiz, Monica"]
[Result "1-0"]
[WhiteElo "2545"]
[BlackElo "2289"]
[PlyCount "99"]
[EventDate "2004.07.04"]

1. e4 c5 2. c3 Nf6 3. e5 Nd5 4. Nf3 Nc6 5. d4 cxd4 6. cxd4 d6 7. Bc4 Nb6 8. Bb5
dxe5 9. Nxe5 Bd7 10. Nxd7 Qxd7 11. Nc3 e6 12. O-O Be7 13. Qg4 O-O 14. Bxc6 bxc6
15. Bh6 Bf6 16. Rfd1 Rfd8 17. Ne4 Qe7 18. Rac1 Kh8 19. Bg5 Bxg5 20. Qxg5 Qb4
21. Qd2 Qxd2 22. Rxd2 Rac8 23. Kf1 Kg8 24. Ke1 Nd5 25. Kd1 Ne7 26. Rc4 Rd5 27.
Nc5 Rcd8 28. Ra4 Nc8 29. Nb7 R8d7 30. Nc5 Rd8 31. Nb3 Kf8 32. Rc2 R8d6 33. Ra6
Nb6 34. Rxa7 e5 35. Rc7 exd4 36. R2xc6 d3 37. Rxd6 Rxd6 38. Na5 Nd5 39. Rc6 Rd7
40. Nc4 Nb4 41. Rc8+ Ke7 42. a3 Nd5 43. Ne5 Rd6 44. Rc6 Rd8 45. Rc4 Ke6 46.
Nxd3 Nf6 47. Kc2 h5 48. b4 Kd5 49. Rc7 Ra8 50. Kb3 1-0

[Event "XII Festival Ducale A"]
[Site "Genova ITA"]
[Date "2004.07.06"]
[Round "3"]
[White "Gromovs, Sergejs"]
[Black "Scuderi, David"]
[Result "1/2-1/2"]
[WhiteElo "2341"]
[BlackElo "2083"]
[PlyCount "125"]
[EventDate "2004.07.04"]

1. Nf3 d6 2. e4 Nf6 3. Nc3 c5 4. d4 cxd4 5. Nxd4 Nc6 6. Bg5 g6 7. Bxf6 exf6 8.
Bb5 Bd7 9. Bc4 Bg7 10. Ndb5 O-O 11. Nxd6 Qc7 12. Ndb5 Qc8 13. Nd5 f5 14. O-O
fxe4 15. Nd6 Qd8 16. Nxb7 Qg5 17. Ne3 Ne5 18. Bd5 Nf3+ 19. Kh1 Qf4 20. g3 Qh6
21. h4 Nxh4 22. gxh4 Qxh4+ 23. Kg1 Be5 24. f4 exf3 25. Rxf3 Qh2+ 26. Kf1 Bh3+
27. Ke1 Bxb2 28. Qd2 Qe5 29. Rxh3 Bc3 30. Rd1 Bxd2+ 31. Rxd2 Rab8 32. Rf3 Qc7
33. Nd6 Qxd6 34. Bxf7+ Rxf7 35. Rxd6 Rxf3 36. Nd5 Re8+ 37. Kd2 Rf2+ 38. Kd3 Kg7
39. c4 Rxa2 40. Rd7+ Kh6 41. Nf6 Rh8 42. c5 Ra6 43. Rf7 Rc6 44. Kd4 a5 45. Ng4+
Kg5 46. Ne5 Rcc8 47. c6 h5 48. Rf1 Rhd8+ 49. Ke4 Kh4 50. Nxg6+ Kg3 51. Rf3+ Kh2
52. Rf2+ Kg3 53. Rf3+ Kh2 54. Rc3 Rd6 55. Ne5 h4 56. c7 h3 57. Ng4+ Kg2 58.
Ne3+ Kg1 59. Rc1+ Kf2 60. Rc2+ Kg1 61. Rc1+ Kf2 62. Rc2+ Kg1 63. Rc1+ 1/2-1/2

[Event "XII Festival Ducale A"]
[Site "Genova ITA"]
[Date "2004.07.06"]
[Round "3"]
[White "Manca, Federico"]
[Black "Sorcinelli, Francesco"]
[Result "1-0"]
[WhiteElo "2366"]
[BlackElo "2096"]
[PlyCount "55"]
[EventDate "2004.07.04"]

1. e4 e5 2. Nf3 Nc6 3. d4 exd4 4. Nxd4 Nf6 5. Nxc6 bxc6 6. e5 Qe7 7. Qe2 Nd5 8.
c4 Nb6 9. Nc3 Qe6 10. Qe4 g6 11. Bd3 Bg7 12. O-O Bxe5 13. Qh4 Bf6 14. Bg5 Bxg5
15. Qxg5 O-O 16. Rfe1 f6 17. Qf4 Qf7 18. c5 Nd5 19. Nxd5 cxd5 20. Qxc7 Re8 21.
Rxe8+ Qxe8 22. Kf1 Qe5 23. Qd8+ Kg7 24. Re1 Qxh2 25. Re7+ Kh6 26. Qg8 Qh1+ 27.
Ke2 Qh5+ 28. f3 1-0

[Event "XII Festival Ducale A"]
[Site "Genova ITA"]
[Date "2004.07.06"]
[Round "3"]
[White "Miladinovic, Igor"]
[Black "Geenen, Marc"]
[Result "0-1"]
[WhiteElo "2630"]
[BlackElo "2312"]
[PlyCount "48"]
[EventDate "2004.07.04"]

1. d4 d5 2. Nc3 Nf6 3. Bg5 Nbd7 4. f3 c6 5. e4 dxe4 6. fxe4 e5 7. dxe5 Qa5 8.
Bd2 Nxe5 9. Nf3 Qc7 10. Bd3 Bg4 11. Qe2 Bd6 12. O-O-O Nh5 13. Qf2 Bxf3 14. gxf3
Ng6 15. Kb1 Bf4 16. Qc5 Qe5 17. Nd5 Bxd2 18. Ba6 Bb4 19. Qxb4 bxa6 20. Ne3 Rb8
21. Qa3 Qe7 22. Qa5 O-O 23. Qxh5 Rxb2+ 24. Kc1 Qb4 0-1

[Event "XII Festival Ducale A"]
[Site "Genova ITA"]
[Date "2004.07.06"]
[Round "3"]
[White "Sarno, Spartaco"]
[Black "Pruijssers, Roeland"]
[Result "1-0"]
[WhiteElo "2401"]
[BlackElo "2257"]
[PlyCount "117"]
[EventDate "2004.07.04"]

1. e4 Nf6 2. e5 Nd5 3. d4 d6 4. Nf3 g6 5. Bc4 Nb6 6. Bb3 Bg7 7. Ng5 d5 8. f4 a5
9. c3 h6 10. Nf3 Bf5 11. a4 Na6 12. Na3 c5 13. O-O Qd7 14. Nb5 O-O 15. Be3 Nc4
16. Qe2 Nxe3 17. Qxe3 c4 18. Bd1 Nc7 19. Nxc7 Qxc7 20. Nh4 Bd3 21. Be2 Bxe2 22.
Qxe2 e6 23. g4 g5 24. fxg5 hxg5 25. Nf3 Qe7 26. Qe3 f6 27. exf6 Bxf6 28. Rf2
Rae8 29. Raf1 Qg7 30. Kg2 Qg6 31. h3 Bd8 32. Ne5 Rxf2+ 33. Rxf2 Qh6 34. Nf7 Qg6
35. Ne5 Qh6 36. Nf7 Qg6 37. Qe5 Qxf7 38. Rxf7 Kxf7 39. Qd6 Bf6 40. Qc7+ Re7 41.
Qxa5 Rd7 42. Qb5 Rc7 43. Kf3 Be7 44. Qb6 Rd7 45. Qb5 Rc7 46. Qa5 Rc6 47. Ke2
Kf6 48. Kd1 Kf7 49. Kc2 Kf6 50. Qb5 Ra6 51. Qe8 Bd6 52. Qh8+ Kg6 53. Qh5+ Kf6
54. Qh6+ Kf7 55. Qxg5 Rxa4 56. Qh5+ Kg7 57. g5 Bf8 58. g6 Kf6 59. Qf3+ 1-0

[Event "XII Festival Ducale A"]
[Site "Genova ITA"]
[Date "2004.07.06"]
[Round "3"]
[White "Schmitz, Andreas Arnold"]
[Black "Del Nevo, Claudio"]
[Result "1-0"]
[WhiteElo "2243"]
[BlackElo "1941"]
[PlyCount "69"]
[EventDate "2004.07.04"]

1. e4 d6 2. d4 Nf6 3. Nc3 c6 4. a4 a5 5. Bd3 g6 6. Nge2 Bg7 7. f3 b6 8. d5 cxd5
9. Nxd5 Nxd5 10. Bb5+ Nd7 11. Qxd5 Rb8 12. Nd4 Qc7 13. Bd2 Bb7 14. Bc6 O-O 15.
Bxb7 Qxb7 16. Qxb7 Rxb7 17. Bc3 Bxd4 18. Bxd4 Nc5 19. Bc3 Ra8 20. Ke2 Rd7 21.
Bd4 f6 22. Ra3 Kf7 23. Bxc5 bxc5 24. Rb3 Raa7 25. Rb5 c4 26. Kd2 e6 27. Kc3
Rdc7 28. Rd1 Ra6 29. Rd4 Ke7 30. Rxc4 Kd7 31. Rb8 Rxc4+ 32. Kxc4 Rc6+ 33. Kd3
d5 34. exd5 exd5 35. Rb5 1-0

[Event "XII Festival Ducale A"]
[Site "Genova ITA"]
[Date "2004.07.06"]
[Round "3"]
[White "Van Hoolandt, Patrick"]
[Black "Estremera Panos, Sergio"]
[Result "0-1"]
[WhiteElo "2245"]
[BlackElo "2341"]
[PlyCount "56"]
[EventDate "2004.07.04"]

1. c4 Nf6 2. Nf3 c5 3. g3 b6 4. Bg2 Bb7 5. O-O g6 6. d4 cxd4 7. Qxd4 Bg7 8. Nc3
d6 9. Be3 Nbd7 10. Rac1 Rc8 11. Rfd1 a6 12. b3 O-O 13. Qh4 Rc7 14. Bh3 Qb8 15.
Bh6 b5 16. Ng5 bxc4 17. bxc4 Ne5 18. Nd5 Bxd5 19. cxd5 Rxc1 20. Rxc1 Qb2 21.
Re1 Qd2 22. Rf1 Bxh6 23. Qxh6 Qxd5 24. Re1 Qd2 25. Kf1 Rb8 26. a4 Nf3 27. exf3
Rb2 28. Ne4 Qxh6 0-1

[Event "XII Festival Ducale A"]
[Site "Genova ITA"]
[Date "2004.07.06"]
[Round "3"]
[White "Voltolini, Giuseppe"]
[Black "Sedina, Elena"]
[Result "0-1"]
[WhiteElo "2241"]
[BlackElo "2396"]
[PlyCount "38"]
[EventDate "2004.07.04"]

1. e4 e6 2. d4 d5 3. Nd2 c5 4. exd5 exd5 5. Ngf3 Nc6 6. Bb5 Bd6 7. dxc5 Bxc5 8.
O-O Nge7 9. Nb3 Bd6 10. Re1 O-O 11. Bg5 Bg4 12. Bh4 Re8 13. Be2 Qb6 14. Bg3
Bxg3 15. hxg3 Nf5 16. Qxd5 Nb4 17. Qc4 Nxg3 18. a3 Re4 19. Qc5 Nxe2+ 0-1

[Event "XII Festival Ducale A"]
[Site "Genova ITA"]
[Date "2004.07.06"]
[Round "4"]
[White "Bonade', Massimo"]
[Black "Broomfield, Matthew P."]
[Result "0-1"]
[WhiteElo "2107"]
[BlackElo "2273"]
[PlyCount "46"]
[EventDate "2004.07.04"]

1. d4 d5 2. c4 dxc4 3. Nf3 Nf6 4. Nc3 g6 5. e4 Bg7 6. Bxc4 O-O 7. O-O Bg4 8. e5
Nfd7 9. Be3 Nb6 10. Bb3 Nc6 11. Rc1 Na5 12. Ne4 Nxb3 13. Qxb3 Qd5 14. Qxd5 Nxd5
15. Rc5 c6 16. a3 f6 17. exf6 exf6 18. Nfd2 f5 19. h3 Be2 20. Re1 Bb5 21. Ng5
f4 22. Ne6 Rfe8 23. Rxd5 Rxe6 0-1

[Event "XII Festival Ducale A"]
[Site "Genova ITA"]
[Date "2004.07.06"]
[Round "4"]
[White "Calzetta Ruiz, Monica"]
[Black "Barletta, Antonio"]
[Result "1-0"]
[WhiteElo "2289"]
[BlackElo "2066"]
[PlyCount "95"]
[EventDate "2004.07.04"]

1. e4 c5 2. Nc3 Nc6 3. f4 g6 4. Nf3 Bg7 5. Bb5 Nd4 6. O-O e6 7. e5 a6 8. Bd3 d5
9. Nxd4 cxd4 10. Ne2 f6 11. Nxd4 fxe5 12. fxe5 Bxe5 13. Nf3 Bg7 14. c3 Nh6 15.
Bc2 O-O 16. d4 Nf7 17. Kh1 Bd7 18. Bf4 Qb6 19. Qc1 Rae8 20. Re1 Bc8 21. Re2 Nd6
22. Bd3 Rf7 23. Ng5 Rfe7 24. Qe1 Nf7 25. Nf3 Bd7 26. a4 Qc6 27. h4 Qc8 28. Bc2
Bc6 29. h5 gxh5 30. Qh4 e5 31. dxe5 Qg4 32. Qh2 d4 33. cxd4 Bxf3 34. gxf3 Qxf3+
35. Kg1 Nh6 36. Rf1 Qd5 37. Qxh5 Qxd4+ 38. Kh1 Qd5+ 39. Be4 Qf7 40. Qxf7+ Nxf7
41. Bd5 Kh8 42. e6 Nd8 43. Bd6 Rxe6 44. Bxe6 Rxe6 45. Rxe6 Nxe6 46. Re1 Nf8 47.
Re7 Bxb2 48. Re8 1-0

[Event "XII Festival Ducale A"]
[Site "Genova ITA"]
[Date "2004.07.06"]
[Round "4"]
[White "Di Paolo, Raffaele"]
[Black "Manca, Federico"]
[Result "1-0"]
[WhiteElo "2321"]
[BlackElo "2366"]
[PlyCount "71"]
[EventDate "2004.07.04"]

1. e4 c5 2. Nf3 d6 3. d4 cxd4 4. Nxd4 Nf6 5. Nc3 e6 6. Be3 Be7 7. g4 Nc6 8. Bb5
Qc7 9. g5 Nd7 10. Rg1 a6 11. Bxc6 bxc6 12. Qh5 Ne5 13. f4 Nc4 14. Bc1 e5 15.
fxe5 Nxe5 16. Bf4 g6 17. Qe2 O-O 18. O-O-O Re8 19. h4 Bf8 20. h5 Bg7 21. hxg6
hxg6 22. Qh2 Rb8 23. Rh1 Bg4 24. Qh7+ Kf8 25. Nf5 gxf5 26. exf5 Bxf5 27. Qxf5
Qb6 28. Na4 Qb5 29. b3 Re6 30. Rhf1 Rb7 31. g6 Nxg6 32. Bxd6+ Kg8 33. Nc5 Rxd6
34. Rxd6 Re7 35. Rd8+ Bf8 36. Rg1 1-0

[Event "XII Festival Ducale A"]
[Site "Genova ITA"]
[Date "2004.07.06"]
[Round "4"]
[White "Gentile, Claudio"]
[Black "Miladinovic, Igor"]
[Result "0-1"]
[WhiteElo "2137"]
[BlackElo "2630"]
[PlyCount "40"]
[EventDate "2004.07.04"]

1. c4 Nc6 2. Nc3 Nf6 3. d4 d5 4. e3 e6 5. cxd5 exd5 6. Bd3 Bd6 7. Nf3 Bg4 8. h3
Bh5 9. g4 Bg6 10. Bxg6 hxg6 11. Qb3 Na5 12. Qa4+ c6 13. Bd2 Nc4 14. Nxd5 Nxb2
15. Qb3 Nxd5 16. Qxb2 Qe7 17. Rb1 Qe4 18. Qxb7 O-O 19. O-O Qxf3 20. Qxc6 Rfd8
0-1

[Event "XII Festival Ducale A"]
[Site "Genova ITA"]
[Date "2004.07.06"]
[Round "4"]
[White "Gromovs, Sergejs"]
[Black "Scacco, Mauro"]
[Result "1/2-1/2"]
[WhiteElo "2341"]
[BlackElo "2117"]
[PlyCount "93"]
[EventDate "2004.07.04"]

1. d4 Nf6 2. Nf3 g6 3. c4 Bg7 4. Nc3 O-O 5. e4 d6 6. Be2 e5 7. O-O Nc6 8. d5
Ne7 9. b4 a5 10. Ba3 axb4 11. Bxb4 b6 12. a4 Ne8 13. a5 bxa5 14. Rxa5 Rxa5 15.
Bxa5 f5 16. Ng5 fxe4 17. Ncxe4 h6 18. Ne6 Bxe6 19. dxe6 Qa8 20. Bxc7 Qxe4 21.
Bxd6 Nxd6 22. Qxd6 Qxe2 23. Qxe7 Qxc4 24. h3 Qd4 25. Kh1 e4 26. Qb7 Qc4 27. Re1
Qxe6 28. Rxe4 Qf6 29. f4 g5 30. Qd5+ Kh8 31. fxg5 hxg5 32. Re1 Rd8 33. Qb5 Rf8
34. Re8 Rxe8 35. Qxe8+ Bf8 36. Qh5+ Kg7 37. Qf3 Qa1+ 38. Kh2 Bd6+ 39. g3 Qb2+
40. Qg2 Qb3 41. Qf2 Qd3 42. Kg2 Kg6 43. Qf3 Qxf3+ 44. Kxf3 Kh5 45. Kg2 Bb4 46.
Kf2 Ba5 47. Kf1 1/2-1/2

[Event "XII Festival Ducale A"]
[Site "Genova ITA"]
[Date "2004.07.06"]
[Round "4"]
[White "Lazic, Miroljub"]
[Black "Estremera Panos, Sergio"]
[Result "1-0"]
[WhiteElo "2471"]
[BlackElo "2341"]
[PlyCount "89"]
[EventDate "2004.07.04"]

1. Nf3 c5 2. e4 d6 3. Bb5+ Bd7 4. Bxd7+ Qxd7 5. O-O Nc6 6. c3 Nf6 7. d4 Nxe4 8.
d5 Ne5 9. Nxe5 dxe5 10. Re1 Nd6 11. Rxe5 g6 12. Re1 Bg7 13. Bg5 f6 14. Bf4 O-O
15. Nd2 Nf5 16. c4 Rad8 17. Nb3 b6 18. Qe2 Rfe8 19. h3 Rc8 20. a4 Kf7 21. Qd3
Rcd8 22. g4 Bh6 23. Bxh6 Nxh6 24. Re6 Kf8 25. Qe3 Nf7 26. a5 Ng5 27. axb6 Nxe6
28. dxe6 Qb7 29. Nxc5 Qxb6 30. Nd7+ Rxd7 31. exd7 Rd8 32. Qxb6 axb6 33. Ra7 e5
34. Rb7 Ke7 35. Rxb6 Rxd7 36. b4 f5 37. gxf5 gxf5 38. c5 Rd1+ 39. Kg2 Rc1 40.
c6 Kd6 41. b5 e4 42. Rb8 f4 43. Rd8+ Ke5 44. b6 f3+ 45. Kg3 1-0

[Event "XII Festival Ducale A"]
[Site "Genova ITA"]
[Date "2004.07.06"]
[Round "4"]
[White "Pepino, Enrico"]
[Black "Voltolini, Giuseppe"]
[Result "1/2-1/2"]
[WhiteElo "2093"]
[BlackElo "2241"]
[PlyCount "87"]
[EventDate "2004.07.04"]

1. e4 e6 2. d4 d5 3. e5 c5 4. c3 Nc6 5. Nf3 Qb6 6. a3 Nh6 7. b4 cxd4 8. cxd4
Nf5 9. Be3 Be7 10. Be2 O-O 11. O-O f6 12. b5 Na5 13. g4 Nxe3 14. fxe3 Bd7 15.
a4 Rac8 16. Bd3 Nc4 17. Bxc4 Rxc4 18. Nbd2 Rc3 19. Qe2 f5 20. gxf5 exf5 21.
Rac1 Rfc8 22. Rxc3 Rxc3 23. Ra1 Kh8 24. Nf1 Qc7 25. Ne1 Qc8 26. Nd3 g5 27. Ng3
Qc4 28. e6 Bxe6 29. Qh5 Qxd3 30. Qe8+ Bg8 31. Qxe7 Qxe3+ 32. Qxe3 Rxe3 33. Nxf5
Re4 34. Rd1 b6 35. Nd6 Re2 36. Rc1 Ra2 37. Rc8 Kg7 38. Rc7+ Kf6 39. Rxa7 h5 40.
Nc8 Ra1+ 41. Kf2 Ra2+ 42. Kg1 Ra1+ 43. Kf2 Ra2+ 44. Kg1 1/2-1/2

[Event "XII Festival Ducale A"]
[Site "Genova ITA"]
[Date "2004.07.06"]
[Round "4"]
[White "Pruijssers, Roeland"]
[Black "Cogliandro, Santo"]
[Result "1-0"]
[WhiteElo "2257"]
[BlackElo "1781"]
[PlyCount "59"]
[EventDate "2004.07.04"]

1. e4 Nf6 2. e5 Nd5 3. d4 d6 4. c4 Nb6 5. exd6 exd6 6. Nc3 Be7 7. Be3 Nc6 8.
Be2 O-O 9. Nf3 Bf6 10. b3 Bf5 11. Rc1 Re8 12. O-O d5 13. c5 Nc8 14. b4 Nxb4 15.
Qb3 Nd3 16. Rcd1 Nxc5 17. dxc5 Bxc3 18. Qxc3 c6 19. h3 Ne7 20. Bd3 Bxd3 21.
Qxd3 Qc8 22. Nd4 Ng6 23. f4 Re4 24. Rde1 Qd7 25. Ne2 Rae8 26. Ng3 R4e7 27. Nf5
Re6 28. Nd6 Rxd6 29. cxd6 Qxd6 30. Bxa7 1-0

[Event "XII Festival Ducale A"]
[Site "Genova ITA"]
[Date "2004.07.06"]
[Round "4"]
[White "Rozentalis, Eduardas"]
[Black "Brancaleoni, Maurizio"]
[Result "1-0"]
[WhiteElo "2619"]
[BlackElo "2298"]
[PlyCount "129"]
[EventDate "2004.07.04"]

1. e4 d5 2. exd5 Qxd5 3. Nc3 Qd6 4. d4 Nf6 5. Nf3 c6 6. Be2 Bg4 7. h3 Bxf3 8.
Bxf3 e6 9. O-O Be7 10. Ne2 Qc7 11. c4 O-O 12. Qb3 Nbd7 13. Bf4 Qb6 14. Rfd1
Qxb3 15. axb3 Rfd8 16. Nc1 Nb6 17. Be3 Nfd7 18. Nd3 Bf6 19. g3 Re8 20. Nc5 Nxc5
21. dxc5 Nc8 22. Rd7 Rb8 23. Ra4 b5 24. cxb5 cxb5 25. Ra6 Ne7 26. Raxa7 Nf5 27.
c6 Nxe3 28. fxe3 Be5 29. Rxf7 Rbd8 30. Rfd7 Rxd7 31. Rxd7 Rc8 32. Kg2 Rc7 33.
Rd2 b4 34. Be4 Kf7 35. g4 h6 36. Kf3 Ke7 37. Ke2 Ra7 38. Kd3 Bd6 39. Rf2 Ra8
40. Kd4 Rf8 41. Rc2 Ra8 42. Bg2 Ra7 43. Bf1 Kd8 44. Bc4 Ke7 45. Bb5 Kd8 46. e4
Ra1 47. e5 Rd1+ 48. Ke4 Bc7 49. Bc4 Ke7 50. h4 Bb6 51. Bd3 Kd8 52. h5 Rh1 53.
Bc4 Re1+ 54. Kf4 Ke7 55. Be2 Kd8 56. g5 hxg5+ 57. Kxg5 Bc7 58. Rd2+ Ke8 59. Kf4
Rc1 60. Bc4 Re1 61. Rd7 Bxe5+ 62. Kf3 Rh1 63. Bxe6 Rc1 64. Bc4 Rc2 65. Ke4 1-0

[Event "XII Festival Ducale A"]
[Site "Genova ITA"]
[Date "2004.07.06"]
[Round "4"]
[White "Scuderi, David"]
[Black "Van Hoolandt, Patrick"]
[Result "0-1"]
[WhiteElo "2083"]
[BlackElo "2245"]
[PlyCount "122"]
[EventDate "2004.07.04"]

1. e4 e5 2. Nf3 Nc6 3. Bb5 Nf6 4. O-O Nxe4 5. Bxc6 dxc6 6. Re1 Nf6 7. Nxe5 Be7
8. d4 c5 9. dxc5 Qxd1 10. Rxd1 Bxc5 11. Nd3 Be7 12. Re1 Bf5 13. Nc3 Bxd3 14.
cxd3 Kd7 15. Bf4 Rae8 16. Rac1 c6 17. d4 Bd6 18. Be5 Re6 19. Bxf6 Rxf6 20. d5
Rc8 21. dxc6+ Rxc6 22. Rcd1 Re6 23. Rxe6 Kxe6 24. Re1+ Kd7 25. Rd1 Ke6 26. Re1+
Kd7 27. Rd1 Ke8 28. Re1+ Kf8 29. g3 Bb4 30. Re3 Bxc3 31. Rxc3 Rxc3 32. bxc3 Ke7
33. Kf1 Kd6 34. Ke2 Kd5 35. Kd3 b5 36. f3 f5 37. h3 g6 38. h4 h6 39. Kd2 Kc4
40. Kc2 a6 41. Kd2 b4 42. cxb4 Kxb4 43. Kc2 Ka3 44. Kb1 g5 45. hxg5 hxg5 46.
Kc1 a5 47. Kb1 a4 48. Ka1 g4 49. fxg4 fxg4 50. Kb1 Kb4 51. Kb2 a3+ 52. Kc2 Kc4
53. Kd2 Kd4 54. Ke2 Ke4 55. Kf2 Kd3 56. Kf1 Ke3 57. Kg2 Ke2 58. Kg1 Kf3 59. Kh2
Kf2 60. Kh1 Kxg3 61. Kg1 Kf3 0-1

[Event "XII Festival Ducale A"]
[Site "Genova ITA"]
[Date "2004.07.06"]
[Round "4"]
[White "Sedina, Elena"]
[Black "Godena, Michele"]
[Result "1/2-1/2"]
[WhiteElo "2396"]
[BlackElo "2545"]
[PlyCount "90"]
[EventDate "2004.07.04"]

1. e4 e5 2. Nf3 Nc6 3. Nc3 Nf6 4. g3 d5 5. exd5 Nxd5 6. Bg2 Nxc3 7. bxc3 Bd6 8.
O-O O-O 9. Rb1 Rb8 10. d4 h6 11. Nh4 Bd7 12. f4 exf4 13. Bxf4 Bxf4 14. Rxf4 Ne7
15. Qh5 Bc6 16. Bxc6 bxc6 17. Rxb8 Qxb8 18. Qe5 Re8 19. Re4 Kf8 20. c4 Qb1+ 21.
Re1 Qxc2 22. Qxc7 Qxc4 23. Qxa7 Nd5 24. Qa3+ Nb4 25. Rxe8+ Kxe8 26. Nf5 Kd7 27.
Qa7+ Ke6 28. Nxg7+ Kf6 29. Ne8+ Kg6 30. Qc5 Qxc5 31. dxc5 Nxa2 32. Nd6 Nb4 33.
Kf2 Nd3+ 34. Ke3 Nxc5 35. Nc8 Kg5 36. Ne7 Kg4 37. Nxc6 Kh3 38. Ne5 f6 39. Nf7
h5 40. Nd6 Kxh2 41. Kf3 Ne6 42. Ne8 Ng5+ 43. Kf4 Ne6+ 44. Kf3 Ng5+ 45. Kf4 Ne6+
1/2-1/2

[Event "XII Festival Ducale A"]
[Site "Genova ITA"]
[Date "2004.07.07"]
[Round "5"]
[White "Astengo, Marcello"]
[Black "De Vita, Igor"]
[Result "0-1"]
[WhiteElo "2056"]
[BlackElo "2156"]
[PlyCount "32"]
[EventDate "2004.07.04"]

1. d4 f5 2. c4 Nf6 3. Nc3 g6 4. f3 c5 5. dxc5 Bg7 6. Be3 Nc6 7. Rc1 O-O 8. Nh3
Nh5 9. Qd2 e6 10. Nb5 Qf6 11. b4 a6 12. Nc7 Rb8 13. b5 Qe5 14. b6 f4 15. Bg1
Nd4 16. g4 Nxf3+ 0-1

[Event "XII Festival Ducale A"]
[Site "Genova ITA"]
[Date "2004.07.07"]
[Round "5"]
[White "Broomfield, Matthew P."]
[Black "Pruijssers, Roeland"]
[Result "0-1"]
[WhiteElo "2273"]
[BlackElo "2257"]
[PlyCount "64"]
[EventDate "2004.07.04"]

1. Nf3 Nf6 2. c4 g6 3. Nc3 d5 4. Qa4+ Nc6 5. d4 Bg7 6. Bf4 O-O 7. e3 a6 8. Rd1
Bf5 9. Ne5 Bd7 10. Nxd7 Qxd7 11. Be2 b5 12. cxb5 axb5 13. Qc2 b4 14. Nb5 Rxa2
15. Rc1 Na5 16. Qb1 Nb3 17. Rxc7 Qxc7 18. Nxc7 Ra1 19. Qxa1 Nxa1 20. O-O Nc2
21. b3 Rc8 22. Rc1 Na3 23. Rc6 Bf8 24. Ba6 Rd8 25. Bb7 h6 26. Na6 e6 27. Bc7
Re8 28. Ba5 Kg7 29. Nxb4 Rb8 30. Rb6 Nd7 31. Na6 Re8 32. Bc6 Rc8 0-1

[Event "XII Festival Ducale A"]
[Site "Genova ITA"]
[Date "2004.07.07"]
[Round "5"]
[White "Godena, Michele"]
[Black "Di Paolo, Raffaele"]
[Result "1-0"]
[WhiteElo "2545"]
[BlackElo "2321"]
[PlyCount "63"]
[EventDate "2004.07.04"]

1. e4 e6 2. d4 d5 3. Nd2 c5 4. exd5 Qxd5 5. dxc5 Bxc5 6. Ngf3 Nf6 7. Bc4 Qd6 8.
Qe2 Qc7 9. Ne4 Nxe4 10. Qxe4 Nd7 11. Qg4 Bf8 12. O-O Nf6 13. Bb5+ Bd7 14. Bxd7+
Qxd7 15. Qg3 O-O-O 16. Be3 Nd5 17. Rad1 Bd6 18. Qxg7 Rhg8 19. Qd4 Qc6 20. g3 h5
21. Bg5 f6 22. Qe4 Bc7 23. Nd4 Qd7 24. Bh4 Be5 25. c4 Rg4 26. Qf3 Bxd4 27. cxd5
Qxd5 28. Qxd5 Rxd5 29. Rd2 Rg7 30. Rxd4 Rxd4 31. Bxf6 Rgd7 32. Rc1+ 1-0

[Event "XII Festival Ducale A"]
[Site "Genova ITA"]
[Date "2004.07.07"]
[Round "5"]
[White "Maiori, Nicola"]
[Black "Gentile, Claudio"]
[Result "0-1"]
[WhiteElo "1910"]
[BlackElo "2137"]
[PlyCount "114"]
[EventDate "2004.07.04"]

1. c4 e5 2. Nc3 Nf6 3. e3 Bb4 4. Nd5 Nxd5 5. cxd5 O-O 6. Qg4 c5 7. a3 d6 8. Qg3
Ba5 9. h4 Bf5 10. h5 Qf6 11. Nf3 Nd7 12. Ng5 h6 13. e4 hxg5 14. exf5 Qxf5 15.
Be2 Nf6 16. O-O Nxd5 17. b4 cxb4 18. axb4 Bxb4 19. Bf3 e4 20. Bd1 Qf6 21. Rb1
Qf4 22. Qb3 Qe5 23. Bb2 Qe6 24. Ba1 Rfc8 25. Qb2 f6 26. Bb3 a5 27. Qd4 Rc5 28.
Rfe1 Rac8 29. Bb2 Re8 30. Rbc1 Rd8 31. Rxe4 Qf7 32. Rxc5 dxc5 33. Qd3 Kf8 34.
Qe2 f5 35. Re5 Nf4 36. Qf3 c4 37. Bc2 Rd5 38. Rxd5 Qxd5 39. Qxd5 Nxd5 40. Bxf5
Bxd2 41. Be4 c3 42. Ba3+ Nb4 43. Bc2 Kf7 44. Bxb4 axb4 45. Kf1 b5 46. Ke2 Ke6
47. g4 Ke5 48. f3 Kd4 49. Bb3 Bf4 50. Kd1 Kd3 51. Bc2+ Kc4 52. Bg6 b3 53. Bb1
c2+ 54. Bxc2 bxc2+ 55. Kxc2 b4 56. Kb2 Be5+ 57. Kc2 Bd4 0-1

[Event "XII Festival Ducale A"]
[Site "Genova ITA"]
[Date "2004.07.07"]
[Round "5"]
[White "Manca, Federico"]
[Black "Pepino, Enrico"]
[Result "1-0"]
[WhiteElo "2366"]
[BlackElo "2093"]
[PlyCount "73"]
[EventDate "2004.07.04"]

1. e4 c5 2. c3 g6 3. d4 cxd4 4. cxd4 Bg7 5. Nc3 d6 6. h3 Nf6 7. Nf3 O-O 8. Bd3
Nc6 9. O-O e5 10. dxe5 dxe5 11. Be3 h6 12. Bb5 Qa5 13. Bxc6 bxc6 14. Qc2 Be6
15. Na4 Nd7 16. b3 c5 17. Rac1 Rac8 18. Qd2 Qxd2 19. Nxd2 Rfd8 20. Rc2 f5 21.
f3 f4 22. Bf2 Bf8 23. Rfc1 Kf7 24. Kf1 Rc7 25. b4 c4 26. Nxc4 Bxc4+ 27. Rxc4
Rxc4 28. Rxc4 Nb6 29. Rc7+ Kf6 30. Bxb6 axb6 31. Nxb6 Rd1+ 32. Ke2 Rg1 33. Kf2
Rb1 34. Nd7+ Ke7 35. Nxf8+ Kxf8 36. a3 Rb2+ 37. Kg1 1-0

[Event "XII Festival Ducale A"]
[Site "Genova ITA"]
[Date "2004.07.07"]
[Round "5"]
[White "Manfredi, Vincenzo"]
[Black "Gasperi, Fosco"]
[Result "1-0"]
[WhiteElo "2063"]
[BlackElo "2165"]
[PlyCount "59"]
[EventDate "2004.07.04"]

1. d4 f5 2. g3 Nf6 3. Bg2 g6 4. c3 Bg7 5. Qb3 c6 6. Nd2 d5 7. Ngf3 O-O 8. Ne5
Nbd7 9. Nd3 Kh8 10. Nf3 Ne4 11. O-O e6 12. Rd1 Qe8 13. Bf4 h6 14. Nfe5 Ndf6 15.
f3 g5 16. fxe4 dxe4 17. Bd2 exd3 18. exd3 Bd7 19. Rf1 Kh7 20. Rae1 Nd5 21. c4
Nc7 22. Qxb7 Bxe5 23. dxe5 Qd8 24. Ba5 Rc8 25. g4 f4 26. d4 Rf7 27. d5 exd5 28.
e6 Bxe6 29. Rxe6 Rb8 30. Qxc6 1-0

[Event "XII Festival Ducale A"]
[Site "Genova ITA"]
[Date "2004.07.07"]
[Round "5"]
[White "Pugliese, Giuseppe"]
[Black "Rinaldi, Fausto"]
[Result "0-1"]
[WhiteElo "1735"]
[BlackElo "1808"]
[PlyCount "52"]
[EventDate "2004.07.04"]

1. e4 e5 2. Nf3 Nf6 3. Nc3 Nc6 4. d4 Nxd4 5. Nxd4 exd4 6. Qxd4 d6 7. h3 Be7 8.
Be2 O-O 9. O-O a6 10. a4 Nd7 11. Bf4 Bf6 12. Qd2 b6 13. Rab1 Bb7 14. Nd5 Nc5
15. Nxf6+ Qxf6 16. f3 Nxa4 17. c4 Nc5 18. Bg5 Qg6 19. Be3 Nxe4 20. fxe4 Bxe4
21. Bf3 Bxf3 22. Rxf3 Qxb1+ 23. Kh2 Rae8 24. Rg3 Re6 25. Bd4 Rg6 26. Re3 Qf1
0-1

[Event "XII Festival Ducale A"]
[Site "Genova ITA"]
[Date "2004.07.07"]
[Round "5"]
[White "Rozentalis, Eduardas"]
[Black "Lazic, Miroljub"]
[Result "1-0"]
[WhiteElo "2619"]
[BlackElo "2471"]
[PlyCount "63"]
[EventDate "2004.07.04"]

1. e4 Nc6 2. d4 e5 3. d5 Nce7 4. c4 Ng6 5. Nc3 Nf6 6. Be3 Bb4 7. f3 Bxc3+ 8.
bxc3 d6 9. c5 O-O 10. cxd6 cxd6 11. Bd3 Qc7 12. Ne2 Nd7 13. h4 Nc5 14. h5 Ne7
15. g4 Nxd3+ 16. Qxd3 b5 17. Ng3 a5 18. Kf2 Ba6 19. Qd2 f6 20. Nf5 Rf7 21. Rhg1
Rc8 22. Rac1 Kf8 23. Qb2 Nxf5 24. gxf5 Qc4 25. Qd2 h6 26. Bb6 Qa4 27. Kg3 Rb7
28. Be3 Rbc7 29. Bxh6 b4 30. Kh4 bxc3 31. Bxg7+ Ke8 32. Qg2 1-0

[Event "XII Festival Ducale A"]
[Site "Genova ITA"]
[Date "2004.07.07"]
[Round "5"]
[White "Scacco, Mauro"]
[Black "Dormio, Luca"]
[Result "1-0"]
[WhiteElo "2117"]
[BlackElo "1768"]
[PlyCount "41"]
[EventDate "2004.07.04"]

1. e4 e6 2. Nf3 d5 3. e5 Bd7 4. a3 Ne7 5. d4 c5 6. dxc5 Ng6 7. b4 Nc6 8. Bb2
Qc7 9. Qe2 a6 10. Qe3 Rd8 11. Bd4 Nxd4 12. Qxd4 Ne7 13. Bd3 g6 14. O-O Bg7 15.
Re1 Nc8 16. Nbd2 Bb5 17. a4 Bxd3 18. cxd3 b6 19. Rac1 Bf8 20. cxb6 Qxb6 21.
Rxc8 1-0